[Event "corr 7. EST email ch"]
[Site "EKMÜ"]
[Date "2004.01.15"]
[Round "?"]
[White "Kaul, Heino"]
[Black "Otspere, Urmas"]
[Result "1-0"] 
[WhiteElo "2109"]
[BlackElo "2020"]
 
1.b3 d5 2.Bb2 c5 3.e3 Nf6 4.Nf3 e6 5.c4 Be7 6.cxd5 exd5 7.Be2 0-0 8.0-0 Nc6 9.d4 Bf5 10.dxc5 Bxc5 11.Nc3 Rc8 12.Rc1 Be7 13.Nd4 Nxd4 14.Qxd4 Bc5 15.Qd1 Be6 16.Bf3 Qd7 17.Nxd5 Nxd5 18.Rxc5 Rxc5 19.Qd4 Rc3 20.Bxc3 Nxc3 21.Qxc3 Rc8 22.Qb4 Rc2 23.Rd1 Qe8 24.Qa5 Bd7 
25.Qxa7 Bc6 26.Bxc6 bxc6 27.h3 h6 28.a4 Qe6 29.Rd8+ Kh7 30.Qb8 Qf6 31.Rh8+ Kg6 32.Qg3+ Qg5 33.Qxg5+ Kxg5 34.Rc8 Kf5 35.a5 Ra2 36.b4    Ke4 37.Rxc6 1-0

[Event "corr 7. EST email ch"]
[Site "EKMÜ"]
[Date "2004.01.15"]
[Round "?"]
[White "Kipso, Agu"]
[Black "Kaul, Heino"]
[Result "0-1"] 
[WhiteElo "2088"]
[BlackElo "2109"]

1.Nf3 c6 2.g3 d5 3.Bg2 Nf6 4.0-0 e6 5.d3 Nbd7 6.Nbd2 Bd6 7.e4 0-0 8.c3 e5 9.a4 Re8 10.Qe2 Nf8 11.Re1 Qc7 12.Nf1 dxe4 13.dxe4 Be6 14.Ng5 Bg4 15.Qc4 h6 16.h3 Bc8 17.Nf3 Be6 18.Qe2 a5 19.Nh4 N8d7 20.Be3 Reb8 21.Nf5 Bf8 22.Reb1 b5 23.b3 bxa4 24.bxa4 Nc5 25.Bxc5 Bxc5 26.N1e3 Rxb1+ 27.Rxb1 Rb8 28.Rb2 Bb3 29.Ng4 Ne8 30.Rd2 h5 31.Nh2 g6 32.Nh4 Nd6 33.g4 Nc4 34.Rd3 Bxa4 35.gxh5 Rb2 0-1

[Event "corr 7. EST email ch"]
[Site "EKMÜ"]
[Date "2004.01.15"]
[Round "?"]
[White "Juhtund, Margus"]
[Black "Kaul, Heino"]
[Result "0-1"] 
[WhiteElo "1922"]
[BlackElo "2109"]

1.e4 g6 2.Nf3 Bg7 3.d4 d6 4.Nc3 Nf6 5.Bf4 c5 6.dxc5 Qa5 7.Nd2 Qxc5 8.Be3 Qa5 9.Nc4 Qd8 10.e5 Ng4 11.exd6 Nxe3 12.fxe3 Bxc3+ 13.bxc3 0-0 14.Be2 exd6 15.Nxd6 Qh4+ 16.g3 Qe7 17.Qd3 Nc6 18.0-0 Be6 19.c4 b6 20.Qa3 Rad8 21.Rad1 Ne5 22.c5 bxc5 23.Qxc5 Bxa2 24.Rd2 Rd7 25.Bb5 Rc7 26.Qd4 Qe6 27.Qf4 Bc4 28.Rfd1 Bxb5 29.Nxb5 Rc4 30.Nd4 Qe7 31.Ra1 a5 32.Rf2 a4 33.g4 a3 34.g5 Rb8 35.Rff1 Rb2 36.Rxa3 Qxa3 37.Qxe5 Qf8 38.h3 Rb6 39.Rf6 Qb8 40.Qxb8+ Rxb8 41.Kf2 Rb5 42.h4 Re5 43.Rf3 Rc3 44.Ke2 Re4 45.Kd2 Ra3 46.c3 Rxh4 47.Rg3 Kg7 48.Kd3 f6 49.e4 fxg5
50.Nf3 Rh1 51.Nxg5 Kf6 52.Nh3 Rc1 53.Kd2 Rca1 54.Ng5 R1a2+ 0-1

[Event "corr 7. EST email ch"]
[Site "EKMÜ"]
[Date "2004.01.15"]
[Round "?"]
[White "Otspere, Urmas"]
[Black "Kipso, Agu"]
[Result "1/2-1/2"] 
[WhiteElo "2020"]
[BlackElo "2088"]

1.d4 Nf6 2.c4 g6 3.Nc3 Bg7 4.e4 d6 5.Nge2 0-0 6.f3 e5 7.Be3 c6 8.Qd2 Nbd7 9.d5 cxd5 10.Nxd5 Nxd5 11.cxd5 f5 12.Nc3 Nf6 13.Bd3 Bd7 14.a4 f4 15.Bf2 g5 16.Bb5 a6 17.Bxd7 Qxd7 18.h3 h5 19.Rc1 Rac8 20.b3 g4 21.hxg4 hxg4 22.Qe2 b5 23.axb5 g3 24.Bg1 axb5 25.Qd3 b4 26.Ne2 Rxc1 27.Nxc1 Qc7 28.Na2 Rb8 29.Qd2 Qb7 30.Nc1 Qa6 31.Qe2 Qc8 32.Na2 Bf8 33.Qd2 Qb7 34.Nc1 Be7 35.Nd3 Bd8 36.Nxf4 exf4 37.Qxf4 Qc7 38.Bd4 Qc2 39.Qxg3+ Kf7 40.0-0 Bb6 41.Bxb6 Rxb6 42.Qf2 Qxf2+ 43.Kxf2 Ra6 44.Ke3 Ra2 45.Kd4 Rxg2 46.Kc4 Rb2 47.Kxb4 Nd7 48.Kc3 Re2 49.Kb4 Rb2 50.Kc3 Re2 51.Kb4 1/2-1/2

[Event "corr 7. EST email ch"]
[Site "EKMÜ"]
[Date "2004.01.15"]
[Round "?"]
[White "Koppe, Jaan"]
[Black "Kipso, Agu"]
[Result "1/2-1/2"]
[WhiteElo "2089"]
[BlackElo "2088"]
[PlyCount "86"]

1. e4 d6 2. d4 Nf6 3. Bd3 e5 4. d5 Nbd7 5. Be3 c6 6. c4 Be7 7. Nc3 O-O 8. h3 c5
9. Rc1 a6 10. Nf3 Re8 11. O-O Nf8 12. a3 Ng6 13. b4 b6 14. bxc5 bxc5 15. Qb3
Bd7 16. Rb1 Rb8 17. Qa2 Qc7 18. Qc2 Nh5 19. Rxb8 Rxb8 20. Rb1 Nhf4 21. Rxb8+
Qxb8 22. Bf1 h6 23. Bd2 Bd8 24. Nd1 Nh5 25. Ne3 Nf6 26. Nf5 Bxf5 27. exf5 Nf8
28. Bc3 N8d7 29. Nd2 Kf8 30. Be2 Bc7 31. Bf3 Qd8 32. Qa4 Nb8 33. Nf1 Ke7 34.
Ne3 Qd7 35. Qc2 Qd8 36. g3 Ba5 37. Bb2 Bc7 38. Bg2 Nbd7 39. Qa4 Nb8 40. Qb3
Nbd7 41. Ba1 Qb8 42. Qc2 Ba5 43. Nd1 Ne8 1/2-1/2

[Event "corr 7. EST email ch"]
[Site "EKMÜ"]
[Date "2004.01.15"]
[Round "?"]
[White "Kipso, Agu"]
[Black "Otspere, Urmas"]
[Result "1/2-1/2"]
[WhiteElo "2088"]
[BlackElo "2020"]
[PlyCount "112"]

1. Nf3 d5 2. g3 Nf6 3. Bg2 c6 4. O-O Bf5 5. d3 e6 6. Nbd2 h6 7. Qe1 Be7 8. e4
Bh7 9. Qe2 O-O 10. e5 Nfd7 11. Re1 c5 12. Nf1 Nc6 13. h4 Rc8 14. Bf4 Nd4 15.
Qd1 b5 16. N1h2 Re8 17. a4 a6 18. axb5 axb5 19. Nxd4 cxd4 20. Nf3 Qb6 21. g4
Ra8 22. Qe2 Ra4 23. g5 Bb4 24. Red1 Rxa1 25. Rxa1 h5 26. Nd2 Rc8 27. Nb3 Nf8
28. Bf3 Bg6 29. Rc1 Ra8 30. Bxh5 Ra2 31. Rb1 Bxh5 32. Qxh5 Ng6 33. Bg3 Ne7 34.
Qe2 Nf5 35. Kg2 Qc6 36. Kh3 Qd7 37. f4 Ba5 38. Bf2 Bb6 39. Nd2 Qc6 40. Nf3 Qc5
41. c3 Qxc3 42. bxc3 Rxe2 43. Bxd4 Bxd4 44. Nxd4 Re3+ 45. Kh2 Nxd4 46. cxd4
Rxd3 47. Rb4 Rf3 48. Rxb5 Rxf4 49. Kg3 Rxd4 50. h5 Kh7 51. Rb7 Re4 52. Rxf7
Rxe5 53. Kg4 Re4+ 54. Kg3 Re5 55. Kg4 Re4+ 56. Kg3 Re5 1/2-1/2

[Event "corr 7. EST email ch"]
[Site "EKMÜ"]
[Date "2004.01.15"]
[Round "?"]
[White "Kipso, Agu"]
[Black "Koppe, Jaan"]
[Result "1/2-1/2"]
[WhiteElo "2088"]
[BlackElo "2089"]
[PlyCount "98"]

1. Nf3 d5 2. g3 c5 3. Bg2 Nc6 4. O-O g6 5. d3 Bg7 6. Nbd2 e5 7. e4 d4 8. a4 Be6
9. b3 Nf6 10. Nc4 Qc7 11. Ba3 Nd7 12. Nfd2 O-O 13. f4 exf4 14. gxf4 a6 15. f5
Bxc4 16. bxc4 Rfe8 17. Nb3 Be5 18. Nxc5 Nxc5 19. Bxc5 b6 20. Ba3 Bxh2+ 21. Kh1
Bd6 22. Bb2 Bf4 23. Bc1 Be5 24. Bd2 Rad8 25. Qf3 Bg7 26. Bg5 Rc8 27. Bh3 Ne5
28. Qg2 Ra8 29. Bf4 Rad8 30. Qg3 Qd6 31. Bg5 f6 32. Bf4 g5 33. Bxe5 Rxe5 34.
Bg4 Rxf5 35. Qxd6 Rxf1+ 36. Rxf1 Rxd6 37. Rb1 a5 38. Kg2 Kf7 39. Rb5 h6 40.
Bh5+ Ke6 41. Bg4+ Ke7 42. Kg3 Kf7 43. Bh5+ Ke7 44. Kg4 Bf8 45. Kf5 Rc6 46. Kg4
Kd7 47. Rd5+ Rd6 48. Rb5 Ke6 49. Bg6 Bg7 1/2-1/2

[Event "corr 7. EST email ch"]
[Site "EKMÜ"]
[Date "2004.01.15"]
[Round "?"]
[White "Juhtund, Margus"]
[Black "Otspere, Urmas"]
[Result "1-0"]
[WhiteElo "1922"]
[BlackElo "2020"]
[PlyCount "103"]

1. e4 c5 2. Nf3 Nc6 3. d4 cxd4 4. Nxd4 Nf6 5. Nc3 e5 6. Ndb5 d6 7. Nd5 Nxd5 8.
exd5 Ne7 9. c4 Ng6 10. Bd3 Be7 11. O-O O-O 12. Be3 a6 13. Nc3 f5 14. Qb3 Qe8
15. f3 Nh4 16. c5 Kh8 17. cxd6 Bxd6 18. Rac1 Qg6 19. Rf2 Nxf3+ 20. Rxf3 e4 21.
Bxe4 fxe4 22. Rxf8+ Bxf8 23. Rf1 Bh3 24. Qc2 Re8 25. Qxe4 Bd6 26. Qxg6 hxg6 27.
Bf4 Bc5+ 28. Kh1 Bd7 29. Rc1 Rf8 30. Bg3 Be3 31. Rd1 Bg4 32. Ra1 Kg8 33. h3 Bd7
34. Rd1 Bf2 35. Kh2 Bc5 36. Ne4 Be3 37. Nd6 b5 38. b4 Bb6 39. a3 a5 40. Nb7
axb4 41. axb4 Rc8 42. Bd6 Rc2 43. Bc5 Bc8 44. Bxb6 Bxb7 45. h4 Kf7 46. d6 Rxg2+
47. Kh3 g5 48. hxg5 Rc2 49. d7 Bc8 50. dxc8=Q Rxc8 51. Rd6 Rc3+ 52. Kg4 1-0

[Event "corr 7. EST email ch"]
[Site "EKMÜ"]
[Date "2004.01.15"]
[Round "?"]
[White "Koppe, Jaan"]
[Black "Juhtund, Margus"]
[Result "1/2-1/2"]
[WhiteElo "2089"]
[BlackElo "1922"]
[PlyCount "135"]
[EventDate "2004.??.??"]

1. e4 e5 2. Nf3 Nc6 3. Bb5 a6 4. Bxc6 dxc6 5. d4 exd4 6. Qxd4 Qxd4 7. Nxd4 Bc5
8. Nb3 Bb6 9. O-O Be6 10. Nc3 Ne7 11. Rd1 Rd8 12. Rxd8+ Kxd8 13. Na4 Bxb3 14.
axb3 Ba7 15. b4 Ng6 16. Nc5 Bxc5 17. bxc5 Re8 18. f3 Ke7 19. Be3 Rd8 20. f4 h5
21. Kf2 f5 22. e5 Nf8 23. Ra3 Ne6 24. Rb3 Rb8 25. Kg3 g6 26. Kf3 Ke8 27. h3 Ke7
28. g4 hxg4+ 29. hxg4 Ke8 30. Rb4 Kd7 31. Kg3 Ke8 32. Rb3 Ke7 33. gxf5 gxf5 34.
Kf3 Kf7 35. Bf2 Ke7 36. c3 Nf8 37. Bh4+ Kf7 38. Bg3 Ke7 39. Bf2 Ne6 40. c4 Kf7
41. Be3 Ke8 42. Kf2 Kf7 43. Kg3 Rg8+ 44. Kf3 Rb8 45. Bf2 Ke7 46. Rb4 Ke8 47.
Be3 Kf7 48. Kf2 Ke7 49. Kf1 Kd7 50. Ke2 a5 51. Rb3 b5 52. cxb6 cxb6 53. Rd3+
Ke7 54. Ra3 b5 55. Rxa5 bxc4 56. Ra7+ Ke8 57. Ra2 Rb3 58. Ra8+ Kd7 59. Ra7+ Kd8
60. Bc1 Nd4+ 61. Kf2 c5 62. Ra5 c3 63. bxc3 Rxc3 64. Be3 Ne6 65. Ra7 Rc2+ 66.
Kf3 Ke8 67. Ra8+ Kd7 68. Ra7+ 1/2-1/2